El asceta
Sparad:
| Huvudupphovsman: | |
|---|---|
| Materialtyp: | Bok |
| Språk: | spanska |
| Publicerad: |
Madrid
Edimat Libros
2001
|
| Serie: | Obras Selectas
|
| Ämnen: | |
| Taggar: |
Lägg till en tagg
Inga taggar, Lägg till första taggen!
|
MARC
| LEADER | 00000nam a2200000 a 4500 | ||
|---|---|---|---|
| 001 | UCL3335 | ||
| 003 | CL-VaPUC | ||
| 008 | 031121e20010000SP |||||||||||||||||spa|d | ||
| 020 | |a 8484037088 | ||
| 082 | 0 | 4 | |a 892.401 |b TAG |2 21 |
| 100 | |a Tagore, Rabindranath, |d 1861-1941 |e autor |9 339509 | ||
| 245 | 1 | 3 | |a El asceta |
| 246 | 1 | 0 | |a Malini |
| 246 | 1 | 0 | |a Ofrenda lírica |
| 246 | 1 | 3 | |a El jardinero |
| 246 | 1 | 3 | |a El rey y la reina |
| 246 | 1 | 3 | |a El cartero del rey |
| 246 | 1 | 3 | |a La casa y el mundo |
| 246 | 1 | 0 | |a Lipika |
| 246 | 1 | 0 | |a Regalo de amantes |
| 246 | 1 | 0 | |a Pájaros perdidos |
| 246 | 1 | 0 | |a Chitra |
| 300 | |a 488 p | ||
| 942 | |c BK | ||
| 945 | |d 20031121 00:00:00 |a cmena | ||
| 260 | |a Madrid |b Edimat Libros |c 2001 | ||
| 650 | 0 | |a Literatura hindú |9 342647 | |
| 650 | 0 | |a Antologías |9 309836 | |
| 650 | 7 | |a POESIAS HINDUES |2 CL-VaPUC |9 319769 | |
| 650 | 7 | |a DRAMAS HINDUES |2 CL-VaPUC |9 480639 | |
| 650 | 7 | |a TEATRO HINDU |2 CL-VaPUC |9 342649 | |
| 583 | |a last modification |c 20031121 00:00:00 |k Rodrigo Vera | ||
| 490 | 0 | |a Obras Selectas | |
| 999 | |c 306423 |d 306421 | ||
| 952 | |0 0 |1 0 |4 0 |6 892_401000000000000_TAG_2001 |7 0 |8 A |9 371438 |a BIBING |b BIBING |d 2019-11-21 |i 3968324 |o 892.401 TAG 2001 |p 3968324 |r 2025-01-20 |w 2019-11-21 |y BK |k ING | ||